000 00465cam a22001934a 4500
005 20250605164256.0
008 250528s ||||||||||||||||||||||||d
035 _a21938
020 _a9780521532914
040 _aGR-AtMCL
_bgre
_dGR-AtMCL
_eAACR2
245 1 _aADCANCED GRAMMAR IN USE
250 _a2
260 _bCambridge University Press,
_c2005
300 _a294
700 1 _aHewings Martin
_97820
942 _cBK
999 _c6995
_d6995